| 000 | 01077nam a2200229 a 4500 | ||
|---|---|---|---|
| 001 | 142 | ||
| 003 | BD-RjUL | ||
| 005 | 20211208233124.0 | ||
| 008 | 131109s2004 bg o e b||| 000 0dben d | ||
| 035 | _a(BD-RjUL)154 | ||
| 040 |
_aBD-RjUL _bben _cBD-RjUL |
||
| 041 | _aben | ||
| 082 | 0 | 4 |
_221 _a954.923 _bRAB 2004 |
| 100 | 1 | 0 |
_aরহমান, হাবিবুর _9454 |
| 245 | 0 | 0 |
_aবিভ্রান্তির বেড়াজালে পার্বত্য জনপদ / _cহাবিবুর রহমান |
| 260 |
_aঢাকা : _bটর্চ পাবলিশার্স, _c২০০৪ |
||
| 300 |
_avi, ১৬৫ পৃ. : _bচিত্র ; _c১৯ সেমি. |
||
| 504 | _aগ্রন্থপঞ্জী সংযুক্ত | ||
| 650 | 7 |
_aপার্বত্য অঞ্চল (আর্থ-সামাজিক অবস্থা) _xসরকার ও রাজনীতি _zবাংলাদেশ _9475 |
|
| 650 | 7 |
_aChittagong Hill Tracts (Bangladesh : Region) _xPolitics and government. _9111538 _zBangladesh |
|
| 942 |
_2ddc _cBK |
||
| 999 |
_c142 _d142 |
||